| 000 | 01004nam a2200265Ma 4500 | ||
|---|---|---|---|
| 005 | 20140903175109.0 | ||
| 008 | 140516s2005 xxu frb d 001 0 eng d | ||
| 020 | _a0875863922 | ||
| 020 | _a0875863930 | ||
| 020 | _a9780875863924 | ||
| 040 |
_aCO-BoUCM _bspa _cJose A. Gerena _dJose A. Gerena |
||
| 041 | _aeng | ||
| 100 | 1 |
_aBaracco, Luciano _961201 |
|
| 245 | 1 | 0 |
_aNicaragua _bthe imagining of a nation : from nineteenth-century liberals to twentieth-century Sandinistas _cLuciano Baracco |
| 260 |
_aNueva York (Estados Unidos) _bAlgora P _c2005 |
||
| 300 | _ax, 177 páginas | ||
| 504 | _aIncluye referencias bibliográficas e índices | ||
| 650 | 7 |
_aFormas de gobierno _zNicaragua _xHistoria _916054 |
|
| 650 | 7 |
_aHistoria _zNicaragua _97695 |
|
| 650 | 7 |
_aMovimientos revolucionarios _zNicaragua _xHistoria _919846 |
|
| 651 | 4 |
_aNicaragua _xHistoria _961202 |
|
| 690 |
_942842 _aHistoria de América |
||
| 942 |
_a21 _cLIBRO _e1 _mB223 _2DEWEY _h972.8504 |
||
| 999 |
_c242411 _d242411 |
||